000 00610nam a2200217Ii 4500
001 20874
003 CO-ViMGA
008 241108s9999||||xx |||||||||||||| ||und||
020 _a9789587058888
040 _aCO-ViMGA
_bspa
_erda
_cCO-ViMGA
041 0 _apor
084 _aC AND8hu
100 1 _aMaría Teresa Andruetto
_944159
245 1 0 _aHuellas en la arena
264 1 _aBogotá, Colombia : Ediciones SM, 2013
300 _avolumen
336 _atext
_btxt
_2rdacontent
337 _aunmediated
_bn
_2rdamedia
338 _avolume
_bnc
_2rdacarrier
940 _aidficha_siabuc: 20528. -- ficha_no_siabuc:20874
999 _c38603
_d38603